La acción diplomática de Bolívar ante Pío VII (Registro nro. 62054)

Detalles MARC
000 -ENCABEZADO
Número de control [NR] 01188nam a2200181Ia 4500
008 - DE LONGITUD FIJA DE DATOS DE ELEMENTOS - INFORMACIÓN GENERAL
Elementos de longitud fija [NR] 130821s1925 sp gr spa
040 ## - FUENTE DE CATALOGACION [NR]
Agencia de catalogación original [NR] Co-BoUCM
Idioma de catalogación [NR] spa
041 00 - CODIGO DE IDIOMA [R]
Código de idioma para texto/pista de sonido o título separado [R] Español
100 20 - ASIENTO PRINCIPAL--NOMBRE PERSONAL [NR]
Nombre personal [NR] Leturia, Pedro, S. J.
245 13 - MENCION DE TITULO [NR]
Título [NR] La acción diplomática de Bolívar ante Pío VII
Parte restante del título [NR] 1820-1828 a la luz del archivo vaticano
Mención de responsabilidad, etc. [NR] Pedro Leturia
260 ## - PUBLICACION, DISTRIBUCION, ETC. (PIE DE IMPRENTA) [R]
Lugar de publicación, distribución, etc. [R] Madrid (España)
Nombre del editor, distribuidor, etc. [R] Razón y Fe
Fecha de publicación, distribución, etc. [R] 1925
300 ## - DESCRIPCION FISICA [R]
Extensión [R] 325 páginas
505 ## - NOTA DE CONTENIDO CON FORMATO PREESTABLECIDO [R]
Nota de contenido con formato preestablecido [NR] El ocaso del patrono español en América. -- Posición mutua de la América española y Roma desde 1810 hasta 1820. -- El primer contacto de Colombia y la emancipación con Pío VII. -- El primer contacto de la Santa Sede con la gran Colombia y la América emancipada. -- La misión Muzi. -- Informes del obispo español de Popayán sobre el libertador Bolívar. -- Acción oficial de Bogotá, 1822-1823. -- La transición de Pío VII a León XII, vista desde Colombia, 1823-1824. -- Apéndices. -- Índice.
610 ## - ASIENTO SECUNDARIO DE MATERIA - NOMBRE CORPORATIVO [R]
Nombre corporativo o nombre de la jurisdicción como elemento de entrada [NR] La Santa Sede
Unidad subordinada [R] Relaciones internacionales
Subdivisión geográfica [R] Colombia
Subdivisión cronológica [R] 1820-1823
9 (RLIN) 4410
651 #7 - ASIENTO SECUNDARIO DE MATERIA - NOMBRE GEOGRAFICO [R]
Nombre geográfico [NR] Colombia
Geographic name following place entry element [OBSOLETE] Relaciones internacionales
Subdivisión general [R] Santa Sede
Subdivisión cronológica [R] 1820-1823
9 (RLIN) 26606
942 ## - ELEMENTOS DE ENTRADA AGREGADOS (KOHA)
Tipo de ítem principal el descrito en 300a Libro
Tema principal Ciencia política
Edición 1
Parte restante de la signatura top. L37o1
Sistema de clasificación DEWEY
Clasificación 322.1
Existencias
Total préstamos Signatura topográfica Código de barras Última vez visto Ejemplar Price effective from Tipo de ítem Perdido Sistema de clasificación Dañado No prestable Tipo de ítem específico Suprimido Ubicación habitual Ubicación actual Localización Fecha de creación Forma de adquisición Costo
  322.1 L37o1 3000665 15/12/2012 Ej.1 03/02/2013 Libro   DEWEY     Libro     Bib. Cavelier Acavalier 19/02/2013   0.00